Ideas and actions in the green movement

Αποθηκεύτηκε σε:
Λεπτομέρειες βιβλιογραφικής εγγραφής
Κύριος συγγραφέας: Doherty, Brian 1964-
Μορφή: Βιβλίο
Γλώσσα:English
Δημοσίευση: London : Routledge, 2002
Σειρά:Routledge research in environmental politics ; ; 2
Θέματα:
Ετικέτες: Προσθήκη ετικέτας
Δεν υπάρχουν, Καταχωρήστε ετικέτα πρώτοι!

MARC

LEADER 00000nam a2200000 i 4500
001 1/86375
008 080526s2002 eng d
020 |a 978-0-415-17401-5 
020 |a 0-415-17401-5 
035 |l 10097641 
040 |a GR-MY-UA  |b gre  |e aacr 
041 0 |a eng 
082 0 |a 322.44  |2 (22) 
100 1 |a Doherty, Brian  |d 1964- 
245 1 0 |a Ideas and actions in the green movement /  |c Brian Doherty 
260 |a London :   |b Routledge,   |c 2002 
300 |a xi, 269 σ.;  |c 24 εκ. 
490 1 |a Routledge research in environmental politics  |v ; 2 
504 |a Βιβλιογραφία: σ. 239-261 
504 |a Ευρετήριο: σ. 263-269 
650 0 0 |a Green movement. 
830 0 |a Routledge research in environmental politics ;  |v ; 2 
852 |a INST  |b LESVOS  |e 20080526  |h 322.44 DOH  |p 005100042348  |q 005100042348  |t BK  |y 0 
901 |a BIBL1-2008-2 
909 |a Λ  |b 143267 
922 |a 1ΕΛΗ  |b 200712  |c ΕΠΕΑΕΚ2/ΤΠ  |d ΠΑΠΑΣΩΤΗΡΙΟΥ 
970 |a ΓΙΑΛΑΜΑ  |b ΜΑΡΙΑ  |z 2008/05/26